Arrondissements de Paris - Carte Quiz - Statistiques

Statistiques générales
  • Ce quiz a été pris 16 910 fois
  • Le résultat moyen est 7 sur 20
Réponses sur la Carte
Les réponses sont colorées sur une échelle allant du rouge au vert en fonction du pourcentage des utilisateurs qui les ont devinées à leur premier essai. Vous pouvez retrouver ces pourcentages ci-dessous.
 
Statistiques - réponses
Réponse % Correct
Louvre
59%
Hôtel-de-Ville
57%
Buttes-Montmartre
54%
Buttes-Chaumont
48%
Élysée
47%
Luxembourg
44%
Opéra
43%
Passy
40%
Panthéon
39%
Batignolles-Monceau
38%
Gobelins
36%
Vaugirard
33%
Bourse
32%
Ménilmontant
28%
Palais-Bourbon
28%
Reuilly
27%
Temple
26%
Observatoire
21%
Entrepôt
16%
Popincourt
15%
Aucun quiz correspondant
Distribution des résultats
% des personnes avec chaque résultat
Percentile par nombre de réponses
Votre historique - résultats
Vous n’avez pas pris ce quiz